000 00217nam a2200097Ia 4500
005 20251222114349.0
008 251222s1900||||xx |||||||||||||| ||spa||
082 _aDVD0092/G82
245 0 _aEl gran silencio:
942 _cDVD
999 _c1147
_d1147